|
|
|
|
| LEADER |
00000nam a2200000 4500 |
| 001 |
vtls012227840 |
| 003 |
SK-MaSNL |
| 005 |
20260302075038.0 |
| 008 |
230418s2023 xo o g 000 0 slo |
| 015 |
|
|
|a SNBA2023/05
|
| 020 |
|
|
|a 9788081443442
|q (viazané)
|
| 040 |
|
|
|a SNK
|b slo
|c SNK
|e rda
|
| 041 |
0 |
|
|a slo
|a eng
|
| 043 |
|
|
|a e-xo---
|
| 044 |
|
|
|a xo
|c SK
|
| 072 |
|
7 |
|a 913
|x Regionálna geografia
|2 konspekt
|
| 080 |
|
|
|a 913
|2 2011
|
| 080 |
|
|
|a 77.047
|2 2011
|
| 080 |
|
|
|a (437.612)
|2 2011
|
| 080 |
|
|
|a (084.12)
|2 2011
|
| 080 |
|
|
|a 778.35
|2 2011
|
| 100 |
1 |
|
|a Sipták, Martin,
|d 1985-
|4 aut
|4 pht
|9 246506
|
| 245 |
1 |
0 |
|a Čarovná Trnava a okolie
|c Martin Sipták, Martin Kmeť a kolektív
|
| 246 |
3 |
1 |
|a Magical Trnava and its surroundings
|
| 246 |
3 |
0 |
|a Trnava
|
| 250 |
|
|
|a 1. vydanie
|
| 264 |
|
1 |
|a Banská Bystrica
|b CBS spol. s.r.o.
|c 2023
|
| 300 |
|
|
|a 140 strán
|b farebné fotografie
|c 17 x 25 cm
|
| 336 |
|
|
|a text
|b txt
|2 rdacontent
|
| 336 |
|
|
|a statický obraz
|b sti
|2 rdacontent
|
| 337 |
|
|
|a bez média
|b n
|2 rdamedia
|
| 338 |
|
|
|a zväzok
|b nc
|2 rdacarrier
|
| 366 |
|
|
|e 3200 kusov
|
| 500 |
|
|
|a Obsahuje zoznam autorov fotografií
|
| 546 |
|
|
|a Súbežný názov a text v angličtine
|
| 650 |
0 |
7 |
|a regionálna geografia
|2 SNKPH
|9 822
|
| 650 |
0 |
7 |
|a krajinárska fotografia
|2 SNKPH
|9 79142
|
| 650 |
0 |
7 |
|a Regional geography
|2 SNKPHeng
|9 267552
|
| 650 |
0 |
7 |
|a Landscape photography
|2 SNKPHeng
|9 310940
|
| 650 |
0 |
7 |
|a Aerial photography
|2 SNKPHeng
|9 310941
|
| 650 |
0 |
7 |
|a letecká fotografia
|2 SNKPH
|9 51512
|
| 651 |
|
7 |
|a Trnava (Slovensko)
|2 SNKPHgeo
|9 19407
|
| 651 |
|
7 |
|a Trnava (Slovakia)
|2 SNKPHeng
|9 267592
|
| 655 |
|
7 |
|a fotografické publikácie
|2 SNKPH
|9 70483
|
| 655 |
|
7 |
|a Photographic publication
|2 SNKPHeng
|9 266858
|
| 700 |
1 |
|
|a Kmeť, Martin
|c (redaktor)
|4 aut
|9 185280
|
| 852 |
|
|
|a Slovenská národná knižnica
|
| 919 |
|
|
|a 978-80-8144-344-2
|
| 954 |
|
|
|a obrazové publikácie zamerané na výtvarné umenie a fotografiu pôvodné (slovenské)
|2 lita
|
| 999 |
|
|
|c 1167595
|d 1169525
|
| 952 |
|
|
|a SNK
|b SNK
|y PREZ
|7 0
|p 17A1528144
|o snkSD 91519
|i snk2023/6246
|8 0
|0 0
|1 0
|4 0
|d 2023-04-18
|f 1
|l 0
|r 2026-02-24 20:53:19
|w 2026-02-24
|
| 952 |
|
|
|a SNK
|b SNK
|y VYP
|7 0
|p 17A1528145
|o snkSD 91519 D1
|i snk2023/6248
|8 0
|0 0
|1 0
|4 0
|d 2023-04-18
|l 0
|r 2026-02-24 20:53:19
|w 2026-02-24
|